| 000 | 00985nam a22002897a 4500 | ||
|---|---|---|---|
| 003 | EG-ScBUE | ||
| 005 | 20220707113051.0 | ||
| 008 | 140619t2010 enkao f 000 0 eng d | ||
| 020 | _a9789604037513 | ||
| 040 |
_aEG-ScBUE _beng _erda _cEG-ScBUE _dEG-ScBUE |
||
| 082 | 0 | 4 |
_222 _a428.2 _bPAR |
| 100 | 1 |
_935991 _aParsalis, Joseph, _eauthor. |
|
| 245 | 1 | 0 |
_aLink : _bgrammar, _pUpper intermediate / _cJoseph Joseph, Nicholas Stephens. |
| 246 | 3 | 0 | _aUpper intermediate |
| 264 | 1 |
_aHampshire, United Kingdom : _bCengage Learning EMEA, _c[2010] |
|
| 264 | 1 | _ac2010 | |
| 300 |
_a167 pages : _bphotographs, tables ; _c29 cm |
||
| 336 |
_2rdacontent _atext _btxt |
||
| 337 |
_2rdamedia _aunmediated _bn |
||
| 338 |
_2rdacarrier _avolume _bnc |
||
| 650 | 7 |
_913890 _aEnglish language _xGrammar _vProblems, exercises, etc. _2BUEsh |
|
| 651 | _2BUEsh | ||
| 653 |
_cJune2014 _bHHUUEENN |
||
| 655 |
_vReading book _934232 |
||
| 700 | 1 |
_aStephens, Nicholas, _eauthor. _935989 |
|
| 942 |
_2ddc _k428.2 PAR _cBB |
||
| 999 |
_c18308 _d18280 |
||